000 00359 a2200109 4500
001 ART_43069
005 20260410161647.0
008 260409a
245 1 0 _aCómo aplico el Convenio Multilateral en el inicio o cese de actividad
100 1 _aJanuszewski, Karina
773 0 _tConsultor tributario
_g- Año 11, Nº 125 (jul. 2017)
_wREV474
999 _c13897
_d13897